[Event "Penang op 4th"]
[Site "Penang"]
[Date "2012.12.13"]
[Round "5"]
[White "Chiong Zacarias, Romero Luis"]
[Black "Suharto, Moh Wahyu Repelita"]
[Result "0-1"]
[WhiteElo "2301"]
[BlackElo "2065"]
[PlyCount "78"]
[EventDate "2012.12.11"]
[EventType "swiss"]
[EventRounds "9"]
[EventCountry "MAS"]
[SourceTitle "EXT 2014"]
[Source "ChessBase"]
[SourceDate "2013.11.20"]
[SourceVersion "1"]
[SourceVersionDate "2013.11.20"]
[SourceQuality "1"]

1. d4 Nf6 2. c4 g6 3. Nc3 Bg7 4. e4 d6 5. h3 0-0 6. Bg5 h6 7. Be3 e5 8. d5 a5 9. Qd2 Kh7 10. g4 Na6 11. Bd3 Nc5 12. Bc2 Nfd7 13. 0-0-0 Nb6 14. Qe2 a4 15. Nf3 Qe7 16. a3 Bd7 17. Rdg1 Rfb8 18. h4 Nc8 19. Bxh6 Bxh6+ 20. g5 Bg7 21. h5 Kg8 22. Nh4 Qe8 23. Nf5 Ne7 24. Nxg7 Kxg7 25. Qf3 Ng8 26. Qg3 b5 27. f4 exf4 28. Qxf4 Qe5 29. Qf2 Ne7 30. hxg6 Rf8 31. gxf7 Rh8 32. cxb5 Ng6 33. Kb1 Nb3 34. Rxh8 Rxh8 35. Ne2 Ne7 36. Nc3 Bxb5 37. Rd1 Rh2 38. Qf6+ Qxf6 39. gxf6+ Kxf7 0-1

[Event "Penang op 4th"]
[Site "Penang"]
[Date "2012.12.12"]
[Round "4"]
[White "Suharto, Moh Wahyu Repelita"]
[Black "Nguyen, Van Hai"]
[Result "1-0"]
[WhiteElo "2065"]
[BlackElo "2356"]
[PlyCount "109"]
[EventDate "2012.12.11"]
[EventType "swiss"]
[EventRounds "9"]
[EventCountry "MAS"]
[SourceTitle "EXT 2014"]
[Source "ChessBase"]
[SourceDate "2013.11.20"]
[SourceVersion "1"]
[SourceVersionDate "2013.11.20"]
[SourceQuality "1"]

1. e4 e6 2. d4 d5 3. exd5 exd5 4. Nf3 Bd6 5. Be2 h6 6. Nc3 c6 7. 0-0 Nf6 8. h3 Bf5 9. Bd3 Bxd3 10. Qxd3 0-0 11. Ne2 Qc7 12. Nh4 Re8 13. Nf5 Nbd7 14. Qf3 Kh7 15. c3 Bf8 16. g4 g6 17. Nfg3 Bg7 18. h4 Nf8 19. Bxh6 Kxh6 20. g5+ Kh7 21. gxf6 Bh8 22. h5 Qd6 23. Kg2 Qxf6 24. hxg6+ Nxg6 25. Rh1+ Kg8 26. Qg4 Qe6 27. Qh5 Qf6 28. f4 Bg7 29. f5 Ne7 30. Nf4 Kf8 31. Raf1 Ng8 32. Ng6+ fxg6 33. fxg6 Re6 34. Rxf6+ Nxf6 35. Qf5 Rae8 36. Rf1 Kg8 37. Qh3 R8e7 38. Rf2 Re3 39. Qh4 R7e6 40. Nh5 Ne8 41. Nf4 Rf6 42. Qh7+ Kf8 43. a4 a6 44. Rf3 Re4 45. Nh5 Re2+ 46. Kg3 Rxf3+ 47. Kxf3 Rh2 48. a5 Rh3+ 49. Kf4 Rh4+ 50. Kf5 Rh2 51. Nxg7 Rxh7 52. Ne6+ Kg8 53. gxh7+ Kxh7 54. Ke5 Kg6 55. Nd8 1-0

[Event "Melaka-chA"]
[Site "Melaka"]
[Date "2012.04.28"]
[Round "7"]
[White "Suharto, Moh Wahyu Repelita"]
[Black "Ismail, Ahmad"]
[Result "1/2-1/2"]
[WhiteElo "2066"]
[BlackElo "2007"]
[PlyCount "60"]
[EventDate "2012.04.23"]
[EventType "swiss"]
[EventRounds "9"]
[EventCountry "MAS"]
[SourceTitle "CBM 148 Extra"]
[Source "ChessBase"]
[SourceDate "2012.06.22"]
[SourceVersion "1"]
[SourceVersionDate "2012.06.22"]
[SourceQuality "1"]

1. e4 d5 2. exd5 Nf6 3. Nf3 Qxd5 4. d4 Bg4 5. Be2 Nc6 6. 0-0 0-0-0 7. Be3 Qh5 8. h3 e5 9. hxg4 Nxg4 10. Nh4 f5 11. Bxg4 fxg4 12. g3 exd4 13. Bc1 Bc5 14. Nd2 g5 15. Nf5 d3 16. cxd3 Rhf8 17. Ne3 Ne5 18. Qb3 Rde8 19. Qd5 Bxe3 20. fxe3 Rxf1+ 21. Kxf1 Qh2 22. Ke1 c6 23. Qd6 Nf3+ 24. Kd1 Rd8 25. Qe6+ Kb8 26. d4 Qxg3 27. Kc2 Qg2 28. Kc3 Ne1 29. Qe5+ Kc8 30. Qe6+ Kb8 1/2-1/2

[Event "Melaka-chA"]
[Site "Melaka"]
[Date "2012.04.23"]
[Round "1"]
[White "Horvath, Adam"]
[Black "Suharto, Moh Wahyu Repelita"]
[Result "1-0"]
[WhiteElo "2487"]
[BlackElo "2066"]
[PlyCount "90"]
[EventDate "2012.04.23"]
[EventType "swiss"]
[EventRounds "9"]
[EventCountry "MAS"]
[SourceTitle "CBM 148 Extra"]
[Source "ChessBase"]
[SourceDate "2012.06.22"]
[SourceVersion "1"]
[SourceVersionDate "2012.06.22"]
[SourceQuality "1"]

1. e4 e6 2. d4 d5 3. Nc3 Nf6 4. Bg5 Be7 5. e5 Nfd7 6. Bxe7 Qxe7 7. f4 0-0 8. Nf3 f6 9. exf6 Nxf6 10. Qd2 c5 11. dxc5 Qxc5 12. 0-0-0 Nc6 13. g3 a6 14. Bd3 b5 15. Rhe1 Bd7 16. Kb1 b4 17. Ne2 a5 18. Ned4 Nxd4 19. Nxd4 Rfe8 20. h3 a4 21. g4 g6 22. Qe3 a3 23. Nb3 Qa7 24. Qxa7 Rxa7 25. Nc5 axb2 26. g5 Rc8 27. Nxe6 Bxe6 28. Rxe6 Nh5 29. f5 Nf4 30. Ra6 Rac7 31. fxg6 Nxd3 32. gxh7+ Kxh7 33. Rxd3 Rxc2 34. Rxd5 Rg2 35. Rd7+ Kg8 36. Rg6+ Kh8 37. Rd1 b3 38. a3 Ra8 39. Rb6 Rxg5 40. Rxb3 Rg2 41. Rd4 Kh7 42. Rg4 Rh2 43. Rbg3 Ra6 44. Rh4+ Rh6 45. Rxh6+ Kxh6 1-0